Вышиваем крестом: Альбом : [пер. с фр.]

Manylion Llyfryddiaeth
Prif Awdur: Зарза
Iaith:Rwseg
Cyhoeddwyd: Москва, Мир, 1991
Cyfres:Библиотека рукоделия
Pynciau:
Fformat: Llyfr
KOHA link:https://koha.lib.tpu.ru/cgi-bin/koha/opac-detail.pl?biblionumber=93386

MARC

LEADER 00000nam0a2200000 4500
001 93386
005 20231031105146.0
010 |a 5030027912 
020 |a RU  |b 92-1230и 
035 |a (RuTPU)RU\TPU\book\99996 
090 |a 93386 
100 |a 20060329g1991 m y0rusy5003 ca 
101 1 |a rus  |c fre 
102 |a RU 
105 |a a z 000zy 
200 1 |a Вышиваем крестом  |e Альбом : [пер. с фр.]  |f Зарза 
210 |a Москва  |c Мир  |d 1991 
215 |a 64 с.  |e ил. 
225 1 |a Библиотека рукоделия 
610 1 |a вышивка художественная 
610 1 |a домоводство 
675 |a 64  |z rus 
700 1 |a Зарза 
801 0 |a RU  |b RuMRKP  |c 19950417  |g psbo 
801 1 |a RU  |b 63413507  |c 20060329  |g PSBO 
801 2 |a RU  |b 63413507  |c 20180208  |g PSBO 
942 |c BK